| 000 | 00341 a2200109 4500 | ||
|---|---|---|---|
| 001 | ART_49912 | ||
| 005 | 20260410161729.0 | ||
| 008 | 260409a | ||
| 245 | 1 | 0 | _aEl Código Civil y Comercial y la legalidad sustantiva argentina |
| 100 | 1 | _aCaramelo, Gustavo | |
| 773 | 0 |
_tLecciones y ensayos _g- Nº 98 (jun. 2017) _wREV2658 |
|
| 999 |
_c17685 _d17685 |
||